| 000 | 00494nam a22001817a 4500 | ||
|---|---|---|---|
| 005 | 20230316094925.0 | ||
| 008 | 230316b ||||| |||| 00| 0 eng d | ||
| 040 | _cAL | ||
| 041 | _aEnglish | ||
| 082 |
_223 _a532/104 _bRAOG |
||
| 100 |
_aB.V Narayana Rao _975604 |
||
| 245 | _aGeneral Physics and Properties of Matter | ||
| 260 |
_aBangalore _bAmbika Publishing House _c1967 |
||
| 300 |
_a246 p. _bPB |
||
| 650 |
_aPhysics _975605 |
||
| 700 |
_aRAO (B V Narayana) _975606 |
||
| 942 |
_2ddc _cBB |
||
| 999 |
_c227033 _d227033 |
||